1559 1663 1353 1287 1419 1632 1153 1300 1120 1035 1308 1411 1415 1340 1706 1659 1498 1296 1412 1078 1774 1032 1715 1529 1181 1757 1860 1651 1294 1584 1086 1265 1564 1436 1145 1807 1224 1846 1171 1775 1940 1842 1700 1075 1484 1994 1902 1155 1820 1441 1105 1883 1086 1269 1103 1611 1575 1843 1946 1268 1576 2000 1519 1944 1747 1302 1632 1182 1914 1977 1496 1060 1039 1346 1821 1414 1875 1875 1569 1732 1201 1168 1219 1552 1803 1150 1115 1370 1114 1139 1330 1331 1968 1599 1022 1853 1365 1057 1372 BCNSPRNW ULIB Ver.6.0+V

เปลี่ยนเป็นภาษาไทย

Change to English
 แสดงรายละเอียดบรรณานุกรม
  กลับหน้าหลัก

Brief Record : Get Marc (ISO 2709) : E-mail record : QR code < ปิดหน้าต่าง
LEADER : 00000nam 2200000uu 4500
001    13399121253
003     ULIB
008    110826s2555||||th 000 0 tha d
020    9789743652080
050  4 HA62^bศ452ก
100 0  ศิริชัย กาญจนวาสี
245 10 การเลือกใช้สถิติที่เหมาะสมสำหรับการวิจัย /^cศิริชัย กาญจนวาสี,ทวีวัฒน์ ปิตยานนท์ และ ดิเรก ศรีสุโข
250    พิมพ์ครั้งที่ 6
260    กรุงเทพฯ :^bจุฬาลงกรณ์มหาวิทยาลัย,^c2555
300    219 หน้า :^bภาพประกอบ ;^c27 ซม.
650  4 วิจัย
650  4 วิจัย^xระเบียบวิธีทางสถิติ
650  4 วิจัย^xสถิติ
650  4 สถิติ
650  4 สถิติวิเคราะห์
650  4 สถิติศาสตร์
650  4 สังคมศาสตร์^xระเบียบวิธีทางสถิติ
700 02 ทวีวัฒน์ ปิตยานนท์
700 02 ดิเรก ศรีสุโข
945    ^p200^l0^i033029
995    ทศพร
999 ^a ทศพร
รายการนี้ยังไม่มีแท็ก
คุณยังไม่ได้ล็อกอิน คุณสามารถมีกิจกรรมร่วมกับเว็บไซต์ได้ แต่ต้องล็อกอินก่อน ::
  ล็อกอิน

รายการสื่อสารสนเทศ

ลำดับที่ ประเภท เลขเรียก/บาร์โค้ด สถานที่ สถานะ
1. วิทยาศาสตร์การแพทย์ และสุขภาพ
วิทยาศาสตร์การแพทย์ และสุขภาพ
HA62 ศ452ก ฉ.1 
  Barcode: 033029
ห้องสมุดวิทยาเขตสวรรค์ประชารักษ์
►หนังสือทั่วไป
บนชั้น

รายการใกล้เคียง
    ผู้แต่ง [ศิริชัย กาญจนวาสี]

    หัวเรื่อง [วิจัย]
    หัวเรื่อง [สถิติ]
    หัวเรื่อง [สถิติวิเคราะห์]
    หัวเรื่อง [สถิติศาสตร์]

BibComment


ยังไม่เคยถูกคอมเมนท์

คอมเมนท์ทรัพยากรรายการนี้
  คอมเมนท์: การเลือกใช้สถิติท..


 Copyright 2026. Bcnsprnw @Library